000 00793cab a2200241 4500
001 WB3123-37
008 090401t1995 xxu||||| |||| 00| 0 eng d
035 _a(Sirsi) u3145
041 _aeng
245 _aYields and town centre viability
260 _c1995
350 _a0
490 _aProperty Week
_v51(11) 15 June 1995, 9(1)
520 _aHealey & Baker questions the use of yields, now published by the VO for use in the assessment of the viability of town centres with regard to PPG6. "Measuring vitality and viability - a critical analysis of the tests of PPG6".
650 _aEMPTY PROPERTY
650 _aGOAD
650 _aTOWN CENTRES
650 _aVALUATION OFFICE
650 _aVIABILITY
690 _aPLANNING LAW AND PRACTICE
942 _n0
948 _c04/03/1997
999 _c1912
_d1912